00201nam a2200073Ia 4500008004100000100002300041245003900064260002400103190216s9999||||xx |||||||||||||| ||und|| aDr.Bolanth Thivari 0aHindi-Hindi Bashaki Saral Vyakaran bRajakamal Prakashan